000 00797nam a2200265Ia 4500
003 OSt
005 20220926012208.0
006 a|||||r|||| 00| 0
007 ta
008 220923b |||||||| |||| 00| 0 eng d
020 _a1845450329
037 _cGeneral Book
040 _aRTL
_cRTL
_beng
041 _2eng
_aeng
082 _aY:(G:55), P5/TD
100 _aArgyrou Vassos
_9288123
245 0 _aLogic of environmentalism
_b anthropology, ecology and post colonel
260 _aNew York
_bBerghahn Books
_c2005
300 _axi, 195p.
_ccm.
490 _aStudies in Environmental Anthroplogy and Ethnobiology
500 _aBilbliography P 179-185
650 _aSociology
942 _hY:(G:55), P5/TD
_cGB
_2CC
999 _c622025
_d622025